00402pab a2200169 454500008004000000100002000040245002900060260000900089300000900098362001100107650001900118650002800137650001900165650001700184650001100201773002000212180718b1997 xxu||||| |||| 00| 0 eng d aMukherjee, Alok aMr. Chidambaram's budget c1997 ap.10 a18 Mar aBudget - India aFinance, Public - India aPublic finance aState budget aBudget aHindustan Times